[Event "GER-ch U12 Girls"]
[Site "Willingen"]
[Date "2017.06.08"]
[Round "8"]
[White "Adelhardt, Lisa"]
[Black "Nguyen, Phuong Thao Vivien"]
[Result "0-1"]
[WhiteElo "1324"]
[BlackElo "1519"]
[PlyCount "94"]
[EventDate "2017.06.04"]
[EventType "swiss"]
[EventRounds "11"]
[EventCountry "GER"]
[SourceTitle "CBM 178 Extra"]
[Source "ChessBase"]
[SourceDate "2017.06.22"]
[SourceVersion "1"]
[SourceVersionDate "2017.06.22"]
[SourceQuality "1"]

1. e4 c5 2. Nc3 Nc6 3. f4 g6 4. Nf3 Bg7 5. g3 e6 6. Bg2 Nge7 7. 0-0 0-0 8. d3 d6 9. Bd2 Rb8 10. Rb1 b5 11. g4 f5 12. gxf5 exf5 13. Bh3 fxe4 14. Bxc8 Qxc8 15. Nxe4 Qd7 16. Qe1 Nf5 17. c3 a5 18. Kh1 Qa7 19. Nh4 d5 20. Ng5 Rbe8 21. Qf2 d4 22. Nxf5 Rxf5 23. Rbe1 Qd7 24. Qh4 h6 25. Rxe8+ Qxe8 26. Ne4 Qd7 27. Qg4 Ne7 28. Nxc5 Qc6+ 29. Ne4 dxc3 30. Bxc3 Bxc3 31. bxc3 Nd5 32. Rg1 Kf7 33. c4 bxc4 34. dxc4 Nxf4 35. Qf3 Qe6 36. c5 Kg7 37. Rb1 Nd5 38. Rb7+ Ne7 39. Qc3+ Kh7 40. Qc2 Re5 41. c6 Rxe4 42. c7 Re1+ 43. Kg2 Re2+ 44. Qxe2 Qxe2+ 45. Kg3 Nf5+ 46. Kf4 Qe3+ 47. Kg4 h5# 0-1

[Event "GER-ch U12 Girls"]
[Site "Willingen"]
[Date "2017.06.05"]
[Round "3"]
[White "Nguyen, Phuong Thao Vivien"]
[Black "Karlinger De la Quintana, Ainhoa"]
[Result "1-0"]
[WhiteElo "1519"]
[BlackElo "1344"]
[PlyCount "81"]
[EventDate "2017.06.04"]
[EventType "swiss"]
[EventRounds "11"]
[EventCountry "GER"]
[SourceTitle "CBM 178 Extra"]
[Source "ChessBase"]
[SourceDate "2017.06.22"]
[SourceVersion "1"]
[SourceVersionDate "2017.06.22"]
[SourceQuality "1"]

1. e4 g6 2. d4 Bg7 3. Nc3 c5 4. dxc5 Bxc3+ 5. bxc3 Qa5 6. Qd4 Nf6 7. Qb4 Qxb4 8. cxb4 Nxe4 9. Bb2 Nf6 10. Bc4 a5 11. b5 0-0 12. Nf3 Ne4 13. Bd4 d6 14. cxd6 Nxd6 15. Bd3 Bf5 16. Bxf5 Nxf5 17. Bb2 Nd7 18. 0-0 Rac8 19. Rac1 Rc5 20. c4 Nb6 21. g4 Nd6 22. Bd4 Rxc4 23. Bxb6 Rxg4+ 24. Kh1 Nxb5 25. Bxa5 Ra4 26. Bd2 Rxa2 27. Bh6 Re8 28. Rb1 Nd6 29. Be3 Ra3 30. Nd2 Rb8 31. Bc5 Ra2 32. Bxd6 exd6 33. Ne4 Ra6 34. Rfd1 b5 35. Rxd6 Rab6 36. Kg2 Kf8 37. Kf3 Ke7 38. Rxb6 Rxb6 39. Nc3 Rf6+ 40. Kg3 h5 41. Nd5+ 1-0

[Event "GER-ch U12 Girls"]
[Site "Willingen"]
[Date "2017.06.04"]
[Round "1"]
[White "Nguyen, Phuong Thao Vivien"]
[Black "Avetyan, Manan"]
[Result "1-0"]
[WhiteElo "1519"]
[BlackElo "1284"]
[PlyCount "92"]
[EventDate "2017.06.04"]
[EventType "swiss"]
[EventRounds "11"]
[EventCountry "GER"]
[SourceTitle "CBM 178 Extra"]
[Source "ChessBase"]
[SourceDate "2017.06.22"]
[SourceVersion "1"]
[SourceVersionDate "2017.06.22"]
[SourceQuality "1"]

1. e4 e5 2. Nf3 Nc6 3. Nc3 Bc5 4. Nxe5 Qf6 5. Nf3 Nge7 6. Bc4 Nd4 7. d3 d6 8. h3 Nxf3+ 9. Qxf3 Qxf3 10. gxf3 Be6 11. Bb3 0-0-0 12. Bg5 Bxb3 13. axb3 f6 14. Be3 Bxe3 15. fxe3 a6 16. Ne2 d5 17. Nf4 g5 18. Ne6 Rd6 19. Nc5 Rc6 20. d4 dxe4 21. fxe4 f5 22. Rg1 Rg8 23. c3 h5 24. exf5 g4 25. hxg4 hxg4 26. e4 Rh6 27. Kf2 Rh3 28. Rg3 Rh2+ 29. Rg2 g3+ 30. Kf3 Kb8 31. Rag1 Ka7 32. Rxh2 gxh2 33. Rh1 Rg1 34. Rxh2 Nc6 35. Rg2 Ra1 36. f6 Nd8 37. e5 b6 38. e6 Re1 39. f7 bxc5 40. f8Q Nxe6 41. Qf5 Kb6 42. dxc5+ Nxc5 43. Rg6+ c6 44. Kf2 Rb1 45. Qxb1 Nxb3 46. Qe4 Na5 1-0

[Event "Regionalliga Ost 1617 (Women)"]
[Site "Germany"]
[Date "2016.10.23"]
[Round "1.3"]
[White "Nguyen, Phuong Thao Vivien"]
[Black "Oswald, Lena"]
[Result "1-0"]
[WhiteElo "1474"]
[BlackElo "1541"]
[PlyCount "129"]
[EventDate "2016.10.23"]
[EventType "team-tourn"]
[EventRounds "5"]
[EventCountry "GER"]
[SourceTitle "EXT 2018"]
[Source "ChessBase"]
[SourceDate "2017.10.13"]
[SourceVersion "1"]
[SourceVersionDate "2017.10.13"]
[SourceQuality "1"]
[WhiteTeam "Dresden USV TU (W)"]
[BlackTeam "Leipzig SG (W) II"]
[WhiteTeamCountry "GER"]
[BlackTeamCountry "GER"]

1. e4 c5 2. Nf3 d6 3. g3 g6 4. Bg2 Bg7 5. 0-0 Nc6 6. d3 e6 7. Nbd2 Nge7 8. c3 0-0 9. Nh4 Rb8 10. f4 b5 11. g4 f5 12. gxf5 exf5 13. exf5 Bxf5 14. Nxf5 Rxf5 15. Bh3 Rf8 16. Be6+ Kh8 17. Nf3 Nf5 18. Ng5 Qc7 19. Qg4 Rbe8 20. Qg2 Nd8 21. Bd5 Re7 22. Bd2 Rfe8 23. Rae1 Rxe1 24. Rxe1 Rxe1+ 25. Bxe1 Qe7 26. Bf2 Ne3 27. Qh3 Bd4 28. cxd4 Nxd5 29. dxc5 Nxf4 30. Qh4 Nxd3 31. Qd4+ Ne5 32. Qf4 dxc5 33. Qe3 Ndc6 34. Bh4 Qd6 35. Kg2 Qd4 36. Qxd4 Nxd4 37. Ne4 c4 38. Bf6+ Kg8 39. Bxe5 Nc6 40. Bd6 a5 41. Kf2 b4 42. Ke3 a4 43. Nc5 a3 44. bxa3 bxa3 45. Ne4 Kg7 46. Bxa3 h5 47. Nd6 c3 48. Kd3 Kf6 49. Kxc3 g5 50. Nb5 g4 51. Nd4 Na5 52. Bb4 Nb7 53. a4 h4 54. Ne2 g3 55. hxg3 hxg3 56. Nxg3 Ke5 57. Kc4 Ke6 58. Kb5 Kd7 59. Kb6 Kc8 60. Nf5 Kb8 61. Ne7 Nd8 62. a5 Ka8 63. a6 Ne6 64. Bd6 Nd8 65. Nd5 1-0

[Event "EU-ch U10 Girls 26th"]
[Site "Prague"]
[Date "2016.08.26"]
[Round "8"]
[White "Nguyen, Phuong Thao Vivien"]
[Black "Kecskemeti, Admira Aida"]
[Result "0-1"]
[WhiteElo "1578"]
[BlackElo "1300"]
[PlyCount "70"]
[EventDate "2016.08.18"]
[EventType "swiss"]
[EventRounds "9"]
[EventCountry "CZE"]
[SourceTitle "CBM 174 Extra"]
[Source "ChessBase"]
[SourceDate "2016.10.10"]
[SourceVersion "1"]
[SourceVersionDate "2016.10.10"]
[SourceQuality "1"]

1. Nf3 c6 2. g3 g6 3. Bg2 Bg7 4. 0-0 d5 5. d3 Nf6 6. Nbd2 0-0 7. e4 Bg4 8. h3 Bxf3 9. Bxf3 e6 10. e5 Nfd7 11. d4 b6 12. h4 c5 13. c3 Nc6 14. Nb1 cxd4 15. cxd4 f6 16. exf6 Qxf6 17. Bg4 Nxd4 18. Kg2 h5 19. Bg5 Qf7 20. Be3 Nc6 21. Bxe6 Qxe6 22. Re1 Qf7 23. Qd2 d4 24. Bf4 d3 25. Nc3 Rfd8 26. Bc7 Rdc8 27. Bf4 Nb4 28. Re4 Nc2 29. Rc1 Nc5 30. Ree1 Nxe1+ 31. Rxe1 Re8 32. Rd1 Qb7+ 33. f3 Bxc3 34. Qxc3 Re2+ 35. Kh3 Qxf3 0-1

[Event "EU-ch U10 Girls 26th"]
[Site "Prague"]
[Date "2016.08.24"]
[Round "6"]
[White "Nguyen, Phuong Thao Vivien"]
[Black "Fizerova, Lucie"]
[Result "1-0"]
[WhiteElo "1578"]
[BlackElo "1338"]
[PlyCount "101"]
[EventDate "2016.08.18"]
[EventType "swiss"]
[EventRounds "9"]
[EventCountry "CZE"]
[SourceTitle "CBM 174 Extra"]
[Source "ChessBase"]
[SourceDate "2016.10.10"]
[SourceVersion "1"]
[SourceVersionDate "2016.10.10"]
[SourceQuality "1"]

1. e4 c5 2. Nf3 Nc6 3. d3 g6 4. g3 Bg7 5. Bg2 e6 6. 0-0 d5 7. Nbd2 Nge7 8. c3 b6 9. Re1 a5 10. Nf1 h6 11. Nh4 Ra7 12. f4 Rd7 13. e5 d4 14. c4 0-0 15. Nd2 Qe8 16. Ne4 Bb7 17. Nd6 Qb8 18. Nf3 Rxd6 19. exd6 Qxd6 20. Nd2 f5 21. Qe2 Bc8 22. Nf3 Qd8 23. Nh4 Kh7 24. Nf3 Bd7 25. h3 Nb4 26. a3 Nbc6 27. Bd2 Qc7 28. Rab1 Nc8 29. b4 axb4 30. axb4 Nd6 31. b5 Ne7 32. Ne5 Bxe5 33. fxe5 Nf7 34. h4 Rg8 35. Ra1 g5 36. hxg5 Nxg5 37. Kf2 Nf7 38. Qh5 Ng6 39. Bxh6 Nxh6 40. Rh1 Kg7 41. Qxh6+ Kf7 42. Ra8 Rxa8 43. Qh7+ Kf8 44. Bxa8 Nxe5 45. Qh8+ Ke7 46. Rh7+ Nf7 47. Qg7 Be8 48. Bc6 Qc8 49. Qg8 e5 50. Rxf7+ Kd8 51. Qxe8# 1-0

[Event "EU-ch U10 Girls 26th"]
[Site "Prague"]
[Date "2016.08.22"]
[Round "5"]
[White "Mamardashvili, Ana"]
[Black "Nguyen, Phuong Thao Vivien"]
[Result "1/2-1/2"]
[WhiteElo "1292"]
[BlackElo "1578"]
[PlyCount "92"]
[EventDate "2016.08.18"]
[EventType "swiss"]
[EventRounds "9"]
[EventCountry "CZE"]
[SourceTitle "CBM 174 Extra"]
[Source "ChessBase"]
[SourceDate "2016.10.10"]
[SourceVersion "1"]
[SourceVersionDate "2016.10.10"]
[SourceQuality "1"]

1. e4 c5 2. b3 d6 3. Bb2 Nc6 4. Bb5 Bd7 5. f4 e6 6. Nf3 Nf6 7. Qe2 a6 8. Bxc6 Bxc6 9. d3 d5 10. e5 Nd7 11. 0-0 Be7 12. Nbd2 0-0 13. Rad1 b5 14. c4 Nb6 15. Qf2 Qc7 16. Qg3 bxc4 17. dxc4 dxc4 18. Nxc4 Nxc4 19. bxc4 Rab8 20. Bc3 Rfd8 21. h3 Ba4 22. Rd2 Rxd2 23. Nxd2 Rd8 24. Ne4 Bd1 25. Nf6+ Bxf6 26. exf6 g6 27. Qh4 Qd6 28. Qh6 Qf8 29. Qg5 Be2 30. Rc1 Bxc4 31. Ba5 Rd5 32. Qg4 Bxa2 33. Ra1 Bc4 34. Bc3 Bb5 35. Re1 h5 36. Qh4 Qd8 37. Kh2 Rd3 38. Be5 c4 39. Qg5 Qf8 40. Ba1 c3 41. Rxe6 Bd7 42. Re2 Ba4 43. f5 Qb8+ 44. g3 Rd5 45. Bxc3 Rxf5 46. Qh6 Qf8 1/2-1/2

[Event "EU-ch U10 Girls 26th"]
[Site "Prague"]
[Date "2016.08.19"]
[Round "2"]
[White "Nguyen, Phuong Thao Vivien"]
[Black "Jovanovic, Anja"]
[Result "1-0"]
[WhiteElo "1578"]
[BlackElo "1372"]
[PlyCount "122"]
[EventDate "2016.08.18"]
[EventType "swiss"]
[EventRounds "9"]
[EventCountry "CZE"]
[SourceTitle "CBM 174 Extra"]
[Source "ChessBase"]
[SourceDate "2016.10.10"]
[SourceVersion "1"]
[SourceVersionDate "2016.10.10"]
[SourceQuality "1"]

1. e4 e5 2. Nf3 Nc6 3. Bc4 Bc5 4. 0-0 Nf6 5. d4 Bxd4 6. Nxd4 Nxd4 7. f4 d6 8. fxe5 dxe5 9. Bg5 Qe7 10. Na3 Bd7 11. Bxf6 gxf6 12. c3 Nc6 13. Qf3 f5 14. exf5 f6 15. Qh5+ Kd8 16. Rad1 Kc8 17. Kh1 a6 18. Rf2 Kb8 19. Rfd2 Be8 20. Qg4 Ka7 21. Nc2 Rd8 22. Rxd8 Nxd8 23. Nb4 Bf7 24. Qg7 Rg8 25. Qxh7 Qf8 26. Bxf7 Rg7 27. Qh6 Nxf7 28. Qxf6 Qg8 29. g3 Rh7 30. Qg6 Rg7 31. Qh5 Rh7 32. Qf3 e4 33. Qe3+ Kb8 34. Nc2 Kc8 35. Qxe4 Nd6 36. Qe6+ Qxe6 37. fxe6 Nf5 38. Kg2 Re7 39. Re1 Rg7 40. Re4 Kd8 41. Nd4 Nd6 42. Re2 c5 43. Nf3 Ke7 44. h4 Nf5 45. Ng5 b5 46. Kf3 b4 47. Kf4 Nd6 48. h5 bxc3 49. bxc3 Kf6 50. Ne4+ Nxe4 51. Rxe4 Ke7 52. g4 Rg8 53. g5 Rf8+ 54. Kg4 Rf1 55. h6 Rg1+ 56. Kh5 Rf1 57. h7 Rf2 58. Kh6 Rf8 59. Kg7 Ke8 60. h8Q Rxh8 61. Kxh8 Ke7 1-0

[Event "GER-ch U10 Girls"]
[Site "Willingen"]
[Date "2016.05.21"]
[Round "11"]
[White "Nguyen, Phuong Thao Vivien"]
[Black "Pohle, Saskia"]
[Result "1-0"]
[WhiteElo "1496"]
[BlackElo "1228"]
[PlyCount "85"]
[EventDate "2016.05.15"]
[EventType "swiss"]
[EventRounds "11"]
[EventCountry "GER"]
[SourceTitle "CBM 172 Extra"]
[Source "ChessBase"]
[SourceDate "2016.06.21"]
[SourceVersion "1"]
[SourceVersionDate "2016.06.21"]
[SourceQuality "1"]

1. Nf3 d5 2. g3 Nc6 3. Bg2 Nf6 4. 0-0 Bf5 5. d3 e6 6. Nbd2 Be7 7. Re1 0-0 8. e4 dxe4 9. dxe4 Bg6 10. Qe2 Qd7 11. b3 e5 12. Bb2 Bd6 13. Rad1 h6 14. Nc4 Qe6 15. Ncd2 Rad8 16. Kh1 Rfe8 17. Nh4 Bh7 18. Qf1 Nb4 19. c3 Nc6 20. Bh3 Qe7 21. Nf5 Qf8 22. f4 exf4 23. gxf4 Bc5 24. Qg2 Bxf5 25. Bxf5 a6 26. c4 Bd4 27. Bxd4 Nxd4 28. Bh3 Nc6 29. e5 Nd7 30. Ne4 Kh8 31. Bxd7 Re7 32. Bxc6 bxc6 33. Rg1 Rxd1 34. Rxd1 Qe8 35. Rg1 Qf8 36. Nc5 a5 37. Nb7 Qg8 38. Nxa5 Re6 39. Nxc6 Rg6 40. Qd5 Rxg1+ 41. Kxg1 Qf8 42. Qd8 Qxd8 43. Nxd8 1-0

[Event "GER-ch U10 Girls"]
[Site "Willingen"]
[Date "2016.05.17"]
[Round "5"]
[White "Nguyen, Phuong Thao Vivien"]
[Black "Mueller, Alina"]
[Result "1-0"]
[WhiteElo "1496"]
[BlackElo "1159"]
[PlyCount "55"]
[EventDate "2016.05.15"]
[EventType "swiss"]
[EventRounds "11"]
[EventCountry "GER"]
[SourceTitle "CBM 172 Extra"]
[Source "ChessBase"]
[SourceDate "2016.06.21"]
[SourceVersion "1"]
[SourceVersionDate "2016.06.21"]
[SourceQuality "1"]

1. e4 e6 2. d3 d5 3. Nd2 Nf6 4. Ngf3 Bc5 5. g3 dxe4 6. Nxe4 Nxe4 7. dxe4 Bxf2+ 8. Kxf2 Qxd1 9. Bb5+ Qd7 10. Bxd7+ Bxd7 11. Bf4 c6 12. Bd6 Na6 13. Rad1 f6 14. g4 e5 15. g5 c5 16. Rhg1 Rd8 17. gxf6 gxf6 18. Rg7 Rc8 19. Bxe5 Bc6 20. Bd6 Rd8 21. Re7+ Kf8 22. Rxh7+ Kg8 23. Re7 Rxh2+ 24. Nxh2 Kh8 25. Ng4 Bxe4 26. Nxf6 Bxc2 27. Rh1+ Bh7 28. Rhxh7# 1-0

[Event "GER-ch U10 Girls"]
[Site "Willingen"]
[Date "2016.05.16"]
[Round "3"]
[White "Nguyen, Phuong Thao Vivien"]
[Black "Baltic, Sara"]
[Result "1-0"]
[WhiteElo "1496"]
[BlackElo "1149"]
[PlyCount "149"]
[EventDate "2016.05.15"]
[EventType "swiss"]
[EventRounds "11"]
[EventCountry "GER"]
[SourceTitle "CBM 172 Extra"]
[Source "ChessBase"]
[SourceDate "2016.06.21"]
[SourceVersion "1"]
[SourceVersionDate "2016.06.21"]
[SourceQuality "1"]

1. e4 e6 2. d3 d5 3. Nd2 Bd6 4. Ngf3 c5 5. g3 Nc6 6. Bg2 Nge7 7. 0-0 0-0 8. Re1 b6 9. e5 Bc7 10. Nf1 Ng6 11. Bg5 Qd7 12. c3 Ncxe5 13. Nxe5 Nxe5 14. h4 Ba6 15. c4 Rab8 16. Bf4 Ng6 17. Bxc7 Qxc7 18. cxd5 exd5 19. Bxd5 Rbd8 20. Be4 Rfe8 21. Qc2 Re6 22. Ne3 Ne7 23. Rad1 Red6 24. b4 Rc8 25. Nf5 Rd7 26. Qb2 f6 27. Nxe7+ Rxe7 28. Bd5+ Kf8 29. Rxe7 Qxe7 30. Qa3 Bb7 31. Bxb7 Qxb7 32. bxc5 bxc5 33. d4 Qe7 34. dxc5 Rxc5 35. Qd3 g6 36. Qd2 Rh5 37. Re1 Qc7 38. Qb4+ Qc5 39. Qb8+ Kg7 40. Qe8 Re5 41. Qd7+ Kg8 42. Qd8+ Qf8 43. Qxf8+ Kxf8 44. Rb1 Kf7 45. Rb7+ Re7 46. Rb2 f5 47. Kg2 h6 48. Kf3 Kf6 49. Rc2 Re5 50. Rc6+ Re6 51. Rc7 Re7 52. Rxe7 Kxe7 53. Ke3 Kd6 54. Kd4 a5 55. a4 g5 56. hxg5 hxg5 57. f3 f4 58. g4 Ke6 59. Ke4 Kd6 60. Kf5 Kd5 61. Kxg5 Kc5 62. Kxf4 Kb4 63. g5 Kxa4 64. g6 Kb3 65. g7 a4 66. g8Q+ Kb4 67. Qa2 Kb5 68. Ke4 Kb4 69. Kd3 a3 70. Kc2 Kb5 71. Qxa3 Kb6 72. Kc3 Kb5 73. Qd6 Ka5 74. Kc4 Ka4 75. Qb4# 1-0

[Event "GER-ch U10 Girls"]
[Site "Willingen"]
[Date "2016.05.16"]
[Round "4"]
[White "Peglau, Charis"]
[Black "Nguyen, Phuong Thao Vivien"]
[Result "0-1"]
[WhiteElo "1097"]
[BlackElo "1496"]
[PlyCount "76"]
[EventDate "2016.05.15"]
[EventType "swiss"]
[EventRounds "11"]
[EventCountry "GER"]
[SourceTitle "CBM 172 Extra"]
[Source "ChessBase"]
[SourceDate "2016.06.21"]
[SourceVersion "1"]
[SourceVersionDate "2016.06.21"]
[SourceQuality "1"]

1. e4 c5 2. Nf3 d6 3. Nc3 Nf6 4. d3 g6 5. Be3 Bg7 6. Qd2 Ng4 7. Be2 Nxe3 8. fxe3 0-0 9. 0-0 Bd7 10. Rad1 b5 11. d4 c4 12. b3 cxb3 13. axb3 a6 14. Nd5 Nc6 15. Qc3 Rc8 16. Qb2 Na5 17. Qa3 Rxc2 18. Bd3 Rc8 19. Rc1 Bc6 20. Nf4 Qb6 21. d5 Qxe3+ 22. Kh1 Qxf4 23. dxc6 Qe3 24. Bb1 Nxc6 25. Qxa6 Nb4 26. Rce1 Qxe1 27. Rxe1 Nxa6 28. Bd3 Rc5 29. Rb1 Rfc8 30. h3 Rc1+ 31. Rxc1 Rxc1+ 32. Kh2 Nc7 33. Kg3 Rc3 34. Bf1 Rxb3 35. Kf4 Ne6+ 36. Kg3 Be5+ 37. Kf2 Rb2+ 38. Kg1 b4 0-1

[Event "GER-chT U10"]
[Site "Magdeburg"]
[Date "2015.12.29"]
[Round "7.3"]
[White "Glok, David"]
[Black "Nguyen, Phuong Thao Vivien"]
[Result "0-1"]
[WhiteElo "996"]
[BlackElo "1333"]
[PlyCount "48"]
[EventDate "2015.12.27"]
[EventType "team-swiss"]
[EventRounds "7"]
[EventCountry "GER"]
[SourceTitle "EXT 2017"]
[Source "ChessBase"]
[SourceDate "2016.10.25"]
[SourceVersion "1"]
[SourceVersionDate "2016.10.25"]
[SourceQuality "1"]
[WhiteTeam "Muenchen Suedost"]
[BlackTeam "Dresden TU"]
[WhiteTeamCountry "GER"]
[BlackTeamCountry "GER"]

1. e4 c5 2. Nf3 d6 3. Bb5+ Bd7 4. Bxd7+ Qxd7 5. Nc3 Nf6 6. d3 g6 7. d4 cxd4 8. Qxd4 Bg7 9. Ng5 0-0 10. 0-0 Nc6 11. Qc4 Rac8 12. Qe2 a6 13. Rd1 Qc7 14. Bf4 b5 15. e5 Nxe5 16. Bxe5 dxe5 17. Rd2 Rfd8 18. Rad1 h6 19. Nd5 Nxd5 20. Rxd5 hxg5 21. Rxd8+ Rxd8 22. Re1 Qd6 23. Rd1 Qxd1+ 24. Qxd1 Rxd1# 0-1

[Event "GER-chT U10"]
[Site "Magdeburg"]
[Date "2015.12.28"]
[Round "4.3"]
[White "Deniz, Kevin"]
[Black "Nguyen, Phuong Thao Vivien"]
[Result "0-1"]
[WhiteElo "1050"]
[BlackElo "1333"]
[PlyCount "60"]
[EventDate "2015.12.27"]
[EventType "team-swiss"]
[EventRounds "7"]
[EventCountry "GER"]
[SourceTitle "EXT 2017"]
[Source "ChessBase"]
[SourceDate "2016.10.25"]
[SourceVersion "1"]
[SourceVersionDate "2016.10.25"]
[SourceQuality "1"]
[WhiteTeam "Werther"]
[BlackTeam "Dresden TU"]
[WhiteTeamCountry "GER"]
[BlackTeamCountry "GER"]

1. e4 c5 2. Nf3 d6 3. Bc4 Nf6 4. d3 g6 5. b3 Bg7 6. Bb2 0-0 7. Nc3 Nc6 8. h3 Bd7 9. Ne2 Rb8 10. Bb5 a6 11. Bxc6 Bxc6 12. Ng3 b5 13. e5 Nd7 14. d4 cxd4 15. Bxd4 Bxf3 16. Qxf3 Nxe5 17. Qc3 Rc8 18. Qb2 Qd7 19. 0-0 Rc6 20. f4 Rfc8 21. Rf2 Nf3+ 22. gxf3 Qxh3 23. Rg2 Bxd4+ 24. Qxd4 Rxc2 25. Rxc2 Rxc2 26. Qf2 Rxf2 27. Kxf2 Qh2+ 28. Ke3 Qxg3 29. Rc1 Qg2 30. b4 Qxa2 0-1

[Event "GER-chT U10"]
[Site "Magdeburg"]
[Date "2015.12.28"]
[Round "5.3"]
[White "Reuter, Marek1111"]
[Black "Nguyen, Phuong Thao Vivien"]
[Result "1-0"]
[WhiteElo "1209"]
[BlackElo "1333"]
[PlyCount "51"]
[EventDate "2015.12.27"]
[EventType "team-swiss"]
[EventRounds "7"]
[EventCountry "GER"]
[SourceTitle "EXT 2017"]
[Source "ChessBase"]
[SourceDate "2016.10.25"]
[SourceVersion "1"]
[SourceVersionDate "2016.10.25"]
[SourceQuality "1"]
[WhiteTeam "Erfurt Empor"]
[BlackTeam "Dresden TU"]
[WhiteTeamCountry "GER"]
[BlackTeamCountry "GER"]

1. e4 c5 2. Nc3 d6 3. g3 Nf6 4. Bg2 g6 5. f4 Nc6 6. d3 Bg7 7. Be3 0-0 8. Nf3 Ng4 9. Bd2 Rb8 10. h3 Nf6 11. Nh4 e6 12. 0-0 Nh5 13. g4 Nf6 14. f5 d5 15. Bf4 Ra8 16. Qd2 d4 17. Ne2 Re8 18. Rf2 e5 19. Bg5 Qd6 20. Raf1 Nd7 21. fxg6 fxg6 22. Bh6 Nf8 23. Bxg7 Kxg7 24. Rf7+ Kg8 25. Qh6 Ne6 26. Qxh7# 1-0

[Event "GER-chT Lands U20"]
[Site "Hannover"]
[Date "2015.10.05"]
[Round "4.8"]
[White "Nguyen, Phuong Thao Vivien"]
[Black "Basovskiy, Jana"]
[Result "1-0"]
[WhiteElo "1205"]
[BlackElo "1285"]
[PlyCount "81"]
[EventDate "2015.10.03"]
[EventType "team-swiss"]
[EventRounds "7"]
[EventCountry "GER"]
[SourceTitle "CBM 168 Extra"]
[Source "ChessBase"]
[SourceDate "2015.10.29"]
[SourceVersion "1"]
[SourceVersionDate "2015.10.29"]
[SourceQuality "1"]
[WhiteTeam "Sachsen (U20)"]
[BlackTeam "Baden (U20)"]
[WhiteTeamCountry "GER"]
[BlackTeamCountry "GER"]

1. e4 d6 2. Nf3 Nd7 3. Bc4 h6 4. 0-0 e5 5. d4 c6 6. dxe5 dxe5 7. Nc3 Be7 8. Be3 Ngf6 9. Qe2 0-0 10. Rad1 Qc7 11. h3 a5 12. a4 Nc5 13. Bxc5 Bxc5 14. Rfe1 Bd7 15. Rd2 Rae8 16. Nd1 Rd8 17. c3 Bc8 18. Bd3 Be6 19. Ne3 Bb3 20. Nc4 Rfe8 21. Ra1 Bxc4 22. Bxc4 Rxd2 23. Nxd2 Rd8 24. Nf3 Nh5 25. g3 Nxg3 26. Qc2 Qe7 27. b4 axb4 28. cxb4 Ba7 29. Rb1 Qf6 30. Kg2 Nh5 31. Rg1 Nf4+ 32. Kh2 Nxh3 33. Kxh3 Qxf3+ 34. Rg3 Qxf2 35. Qxf2 Bxf2 36. Rf3 Be1 37. Rxf7 Rd4 38. Be6 Kh7 39. Bf5+ Kg8 40. Be6 Rd3+ 41. Rf3+ 1-0

[Event "GER-ch U10"]
[Site "Willingen"]
[Date "2015.05.29"]
[Round "9"]
[White "Nguyen, Phuong Thao Vivien"]
[Black "Evering, Soeren"]
[Result "1/2-1/2"]
[WhiteElo "1195"]
[BlackElo "1551"]
[PlyCount "43"]
[EventDate "2015.05.24"]
[EventType "swiss"]
[EventRounds "11"]
[EventCountry "GER"]
[SourceTitle "CBM 166 Extra"]
[Source "ChessBase"]
[SourceDate "2015.06.18"]
[SourceVersion "1"]
[SourceVersionDate "2015.06.18"]
[SourceQuality "1"]

1. e4 e5 2. Nf3 Nc6 3. d3 Nf6 4. g3 Bc5 5. Bg2 d6 6. 0-0 0-0 7. c3 Bb6 8. Nbd2 h6 9. Qc2 Be6 10. Re1 Qd7 11. Nf1 Rfe8 12. Be3 Rad8 13. Bxb6 axb6 14. Ne3 d5 15. exd5 Nxd5 16. Rad1 Nxe3 17. fxe3 Bf5 18. e4 Bg4 19. Rd2 Qe7 20. Rf1 Rd7 21. Nh4 Red8 22. Nf5 1/2-1/2

[Event "GER-ch U10"]
[Site "Willingen"]
[Date "2015.05.29"]
[Round "10"]
[White "Weihrauch, Jakob"]
[Black "Nguyen, Phuong Thao Vivien"]
[Result "1-0"]
[WhiteElo "1594"]
[BlackElo "1195"]
[PlyCount "55"]
[EventDate "2015.05.24"]
[EventType "swiss"]
[EventRounds "11"]
[EventCountry "GER"]
[SourceTitle "CBM 166 Extra"]
[Source "ChessBase"]
[SourceDate "2015.06.18"]
[SourceVersion "1"]
[SourceVersionDate "2015.06.18"]
[SourceQuality "1"]

1. e4 c5 2. Nf3 d6 3. d4 cxd4 4. Nxd4 Nf6 5. Nc3 g6 6. Be3 Bg7 7. f3 0-0 8. Qd2 Nc6 9. 0-0-0 d5 10. exd5 Nxd5 11. Nxc6 bxc6 12. Bd4 e5 13. Bc5 Be6 14. Ne4 Re8 15. h4 h5 16. Be2 Nf4 17. Qe1 Nxe2+ 18. Qxe2 Qc7 19. Kb1 Qa5 20. a3 Bd5 21. Bb4 Qb6 22. g4 f6 23. gxh5 gxh5 24. Rhg1 Kh7 25. Qg2 Rg8 26. Qg6+ Kh8 27. Qxh5+ Bh6 28. Qxh6# 1-0

[Event "GER-ch U10"]
[Site "Willingen"]
[Date "2015.05.26"]
[Round "5"]
[White "Nguyen, Phuong Thao Vivien"]
[Black "Roehr, Oliver"]
[Result "0-1"]
[WhiteElo "1195"]
[BlackElo "1453"]
[PlyCount "52"]
[EventDate "2015.05.24"]
[EventType "swiss"]
[EventRounds "11"]
[EventCountry "GER"]
[SourceTitle "CBM 166 Extra"]
[Source "ChessBase"]
[SourceDate "2015.06.18"]
[SourceVersion "1"]
[SourceVersionDate "2015.06.18"]
[SourceQuality "1"]

1. e4 e5 2. Nf3 Nc6 3. Bc4 Bc5 4. 0-0 d6 5. c3 Be6 6. Bxe6 fxe6 7. a4 a5 8. d3 Nge7 9. Be3 Ba7 10. Qb3 Qc8 11. Nbd2 0-0 12. Rac1 h6 13. d4 Kh8 14. Qc2 Qe8 15. Rfd1 Ng6 16. Nf1 Rf6 17. Ng3 Qe7 18. Nh5 Rf7 19. d5 Nd8 20. Qd2 Kh7 21. c4 Rxf3 22. gxf3 Qh4 23. Ng3 Qh3 24. Qe1 Nh4 25. Qf1 Nxf3+ 26. Kh1 Qxh2# 0-1

[Event "GER-ch U10"]
[Site "Willingen"]
[Date "2015.05.24"]
[Round "1"]
[White "Nguyen, Phuong Thao Vivien"]
[Black "Bethke, Richard"]
[Result "0-1"]
[WhiteElo "1195"]
[BlackElo "1607"]
[PlyCount "108"]
[EventDate "2015.05.24"]
[EventType "swiss"]
[EventRounds "11"]
[EventCountry "GER"]
[SourceTitle "CBM 166 Extra"]
[Source "ChessBase"]
[SourceDate "2015.06.18"]
[SourceVersion "1"]
[SourceVersionDate "2015.06.18"]
[SourceQuality "1"]

1. e4 e5 2. Nf3 Nc6 3. Bc4 Bc5 4. 0-0 Nf6 5. d4 Bxd4 6. Nxd4 Nxd4 7. f4 d6 8. fxe5 dxe5 9. Bg5 Be6 10. Bxe6 fxe6 11. Bxf6 gxf6 12. c3 Nb5 13. Qxd8+ Rxd8 14. Rxf6 Rf8 15. Rxe6+ Kf7 16. Rxe5 Rd1+ 17. Kf2 c6 18. a4 Nd6 19. Ke2 Rg1 20. Rg5 Ke6 21. Rg7 Rff1 22. Rxh7 Rxb1 23. Ra2 Rxg2+ 24. Kf3 Rgxb2 25. Rxb2 Rxb2 26. Rh6+ Ke7 27. Ke3 Rb1 28. Rh7+ Kd8 29. Rh8+ Kc7 30. e5 Re1+ 31. Kd4 Nf5+ 32. Kd3 Rxe5 33. Rh7+ Re7 34. Rxe7+ Nxe7 35. h4 Ng6 36. h5 Nf4+ 37. Kc4 Nxh5 38. a5 b6 39. axb6+ Kxb6 40. Kb4 a5+ 41. Ka4 Nf4 42. c4 Kc5 43. Kxa5 Kxc4 44. Ka4 c5 45. Ka3 Kc3 46. Ka2 c4 47. Kb1 Kd2 48. Kb2 c3+ 49. Kb1 c2+ 50. Ka2 c1Q 51. Kb3 Nd5 52. Ka4 Qb2 53. Ka5 Qb6+ 54. Ka4 Qb4# 0-1